00172nam a2200073Ia 4500008004100000082000800041100001200049245003700061240331s9999 xx 000 0 und d bGOM aGomez,M 0aGender and politics in Sri Lanka